Higher electrical principles /

שמור ב:
מידע ביבליוגרפי
מחבר ראשי: Green, D.C (autor)
פורמט: ספר
שפה:אנגלית
יצא לאור: Londres, Inglaterra : Longman, 1997, c1997
מהדורה:3a edición
נושאים:
תגים: הוספת תג
אין תגיות, היה/י הראשונ/ה לתייג את הרשומה!

MARC

LEADER 00000nam^a2200000^a^4500
001 000065226
005 20250521000000.0
009 20260310091131.959
020 |a 0-582-29460-6 
037 |a Acervo ITESO - Biblioteca 
041 |a ING 
082 |a 621. 3  |b GRE 
100 |a Green, D.C.  |e (autor) 
245 1 0 |a Higher electrical principles /  |c D.C. Green. 
250 |a 3a edición 
264 4 |a Londres, Inglaterra :  |b Longman,  |c 1997, c1997 
300 |a 460 p. 
336 |a texto  |b txt  |2 rdacontenido 
337 |a sin mediación  |b n  |2 rdamedio 
338 |a volumen  |b nc  |2 rdasoporte 
649 |a XX 
650 |a Circuitos Electrónicos 
650 |a Líneas de Transmisión 
650 |a Impedancia (Electricidad) 
650 |a Ingeniería Eléctrica 
650 |a Ingeniería Electrónica 
650 |a Electricidad 
650 |a Electromagnetismo 
650 |a Transformaciones de Laplace 
650 |a Matemáticas de Ingeniería 
910 |a Fondo General 
920 |a Impresos - Libros 
930 |a Colección General 
905 |a 101 
901 |a 0500019354  |b IT1  |c ACC  |u 20250521 
902 |a https://opac.biblio.iteso.mx/vufind/Record/000065226